Racionalidad e irracionalidad en economía (Registro nro. 5324)
[ vista simple ]
| 000 -LEADER | |
|---|---|
| fixed length control field | 01294 a2200229 4500 |
| 001 - CONTROL NUMBER | |
| control field | 54040 |
| 005 - DATE AND TIME OF LATEST TRANSACTION | |
| control field | 20260407155811.0 |
| 008 - FIXED-LENGTH DATA ELEMENTS--GENERAL INFORMATION | |
| fixed length control field | 260407a1970 arg spa d |
| 003 - CONTROL NUMBER IDENTIFIER | |
| control field | AR-UNSa-BCEJYS |
| 040 ## - CATALOGING SOURCE | |
| Original cataloging agency | AR-UNSa-BCEJYS |
| Language of cataloging | spa |
| Transcribing agency | AR-UNSa-BCEJYS |
| 080 ## - UNIVERSAL DECIMAL CLASSIFICATION NUMBER | |
| Universal Decimal Classification number | 330 |
| Common auxiliary subdivision | Economía en general |
| 041 ## - LANGUAGE CODE | |
| Language code of text/sound track or separate title | spa |
| 100 1# - MAIN ENTRY--PERSONAL NAME | |
| Personal name | Godelier, Maurice |
| 245 10 - TITLE STATEMENT | |
| Title | Racionalidad e irracionalidad en economía |
| 250 ## - EDITION STATEMENT | |
| Edition statement | 2a. ed |
| 264 #1 - PRODUCTION, PUBLICATION, DISTRIBUTION, MANUFACTURE, AND COPYRIGHT NOTICE | |
| Place of production, publication, distribution, manufacture | México : |
| Name of producer, publisher, distributor, manufacturer | Siglo Veintiuno editores |
| Date of production, publication, distribution, manufacture, or copyright notice | 1970 |
| 300 ## - PHYSICAL DESCRIPTION | |
| Extent | 313 p. |
| Dimensions | 21 cm. |
| 505 ## - FORMATTED CONTENTS NOTE | |
| Formatted contents note | 1. El Tema: El punto de partida: 1.1. La racionalidad de los sistemas económicos: ¿Cuestión de ideología o problema científico? - 1.2. La racionalidad económica - 1.3. La distancia recorrida - 2. Racionalidad de la teoría económica: 2.1. Economía política y filosofía - 2.2. Las estructuras del método de "El capital" de Karl Marx - 2.3. Algunos aspectos del método de "El capital" - 2.4. La medida del valor: Problemas de administración óptima de una economía socialista - 5. Teoría marginalista y teoría marxista del valor y de los precios: Algunas hipótesis - 3. Racionalidad de los sistemas económicos: 3.1. Objeto y método de la antropología económica. |
| 590 ## - LOCAL NOTE (RLIN) | |
| Local note | niveau_biblio:m niveau_hierar:0 |
| 700 1# - ADDED ENTRY--PERSONAL NAME | |
| Personal name | Blanc, Nicole |
| 942 ## - ADDED ENTRY ELEMENTS (KOHA) | |
| Koha item type | |
| Withdrawn status | Lost status | Damaged status | Not for loan | Home library | Current library | Shelving location | Date acquired | Total checkouts | Full call number | Barcode | Date last seen | Price effective from | Koha item type |
|---|---|---|---|---|---|---|---|---|---|---|---|---|---|
| Biblioteca Prof. Eusebio Cleto del Rey | Biblioteca Prof. Eusebio Cleto del Rey | 07/04/2026 | 330 G579 2ed. | L23786 | 07/04/2026 | 07/04/2026 | Libro |